Statistics for -Ment Vocabulary Words Quiz

Click here to take the quiz!

General Stats

  • This quiz has been taken 30,362 times
    (24,003 since last reset)
  • The average score is 11 of 20

Answer Stats

DefinitionWord% Correct
Hydrogen, helium, carbon, etc...Element
86%
Dirt at the river bottomSediment
85%
Addition to the ConstitutionAmendment
83%
Thin wire inside a light bulbFilament
77%
Legislative body of the U.K.Parliament
72%
Connects bones to other bonesLigament
72%
Item of clothingGarment
63%
FecesExcrement
61%
Animal skin material used like paperParchment
52%
Graduation ceremonyCommencement
49%
Army unit of about 3,000-5,000 soldiersRegiment
48%
Skin creamOintment
47%
ColoringPigment
44%
Baptism, confirmation, communion, etc...Sacrament
43%
When police encourage a person
to commit a crime
Entrapment
42%
White-collar theftEmbezzlement
33%
The number of people attending schoolEnrollment
32%
The heavensFirmament
28%
Robe worn by the clergyVestment
27%
District of ParisArrondissement
18%

Score Distribution

Percentile by Number Answered

Percent of People with Each Score

Your Score History

You have not taken this quiz since the last reset